000 00484nam a2200181Ia 4500
001 7539
005 20260306160502.0
008 260306t2003||||xx |||||||||||||| ||spa||
041 _aESP
082 _a339.46
_bI51
100 _aBerger, Silvia
_eAUT
245 0 _aInequidades, pobreza y mercado de trabajo. Bolivia y Perú:
_bproyecto género, pobreza y empleo en América Latina
260 _c2003
300 _a
_c
650 _aGEN
654 _aCAN
942 _cLIB
_dJUS
_fJUS
_2ddc
_n
999 _c7539
_d7539